Giáo trình ngôn ngữ lập trình

Guardat en:
Dades bibliogràfiques
Format: Llibre
Idioma:Undetermined
Publicat: Tp. HCM Trường Đại học mở-Bán công Tp. HCM 1994
Matèries:
Etiquetes: Afegir etiqueta
Sense etiquetes, Sigues el primer a etiquetar aquest registre!
Thư viện lưu trữ: Trung tâm Học liệu Trường Đại học Cần Thơ
LEADER 00547nam a2200157Ia 4500
001 CTU_5065
008 210402s9999 xx 000 0 und d
082 |a 005.133 
082 |b Gi108 
245 0 |a Giáo trình ngôn ngữ lập trình 
260 |a Tp. HCM 
260 |b Trường Đại học mở-Bán công Tp. HCM 
260 |c 1994 
650 |a electronic data processing,programming languages ( electronic computers ) 
904 |i Nguyễn Quang Điền, 960708 
980 |a Trung tâm Học liệu Trường Đại học Cần Thơ